Codice di Procedura Penale Illustrato con dottrina, giurisprudenza, schemi, mappe e materiali /

Detalles Bibliográficos
Autor principal: Iaselli, Isabella
Formato: eBook
Lenguaje:italiano
Publicado: [Piacenza] : Casa Editrice La Tribuna, 2010.
Materias:
Acceso en línea:Acceso restringido

MARC

LEADER 00000nam a22000007a 4500
005 20110826122624.0
008 110826t2010 it |||||s|||| 001 0 ita d
020 |a 9788861325272  
035 |a 5470 
040 |a vLex 
090 |c 2274  |d 2274 
100 1 |a Iaselli, Isabella 
245 1 0 |a Codice di Procedura Penale  |b Illustrato con dottrina, giurisprudenza, schemi, mappe e materiali /  |c Isabella Iaselli   |h [Recurso electrn̤ico] : 
256 |a Servicio en ln̕ea. 
260 |a [Piacenza] :  |b Casa Editrice La Tribuna,  |c 2010. 
500 |a I Codici Illustrati rappresentano innovativi strumenti di analisi e di lavoro per chi studia e opera nel mondo del diritto: • il testo delle norme ̈esplicato con un commento sintetico finalizzato a chiarire i criteri di interpretazione di dottrina e giurisprudenza; • la suddivisione in paragrafi e l'uso di neretti e di corsivi consente di creare veri e propri percorsi di lettura guidati, mentre i frequenti esempi rendono pi ̮semplice e applicativa l'interpretazione della norma; • al commento fanno seguito i materiali (stralci di sentenze, mappe concettuali, modelli di atti etc.), apparati utili per chiarire ulteriormente il senso della legge o mostrare la sua applicazione pratica.  
506 1 |a Contenido solo disponible en los productos indicados  |d vLex Global  |d vLex Global (Academic Edition, excluding Law Schools)  |d vLex Global (U.S. Academic Edition, Law Schools)  |d vLex Global (U.S. Academic Edition, excluding Law Schools)  |d vLex Global (Academic Edition, Law Schools) 
650 0 4 |a Derecho Penal 
740 0 |a vLex Libros (Servicio en ln̕ea) 
856 4 0 |u http://vlex.com/source/codice-procedura-penale-illustrato-5470  |z Acceso restringido 
942 |c BOOK